[Event "Steinfurt Bezirksklasse 1415"]
[Site "Germany"]
[Date "2015.03.21"]
[Round "7.1"]
[White "Nieland, Helmut"]
[Black "Wernsmann, Rolf"]
[Result "1-0"]
[WhiteElo "1274"]
[BlackElo "1722"]
[PlyCount "97"]
[EventDate "2014.09.20"]
[EventType "team-tourn"]
[EventRounds "9"]
[EventCountry "GER"]
[SourceTitle "EXT 2016"]
[Source "ChessBase"]
[SourceDate "2015.10.08"]
[SourceVersion "1"]
[SourceVersionDate "2015.10.08"]
[SourceQuality "1"]
[WhiteTeam "Emsdetten Turm IV"]
[BlackTeam "Rheine"]
[WhiteTeamCountry "GER"]
[BlackTeamCountry "GER"]

1. d4 d6 2. c4 e5 3. dxe5 dxe5 4. Qxd8+ Kxd8 5. e4 c6 6. Nf3 Nd7 7. Be3 Ngf6 8. Bd3 Ng4 9. Bd2 Bc5 10. 0-0 f6 11. h3 Nxf2 12. Rxf2 Bxf2+ 13. Kxf2 Nc5 14. Bc2 Kc7 15. Be3 Ne6 16. Nc3 b6 17. Rd1 Ba6 18. b3 Rad8 19. Rxd8 Rxd8 20. Bc1 Nd4 21. Nxd4 exd4 22. Nb1 b5 23. Bd3 bxc4 24. bxc4 Kd7 25. Nd2 Ke6 26. Nb3 Ke5 27. g3 g5 28. h4 h6 29. Na5 Rc8 30. Nb3 Rb8 31. Nc5 Bc8 32. Nb3 Rb4 33. Bb2 c5 34. Bc1 Ra4 35. a3 Kd6 36. Kf3 Be6 37. Nd2 Ke5 38. Nb3 f5 39. Nd2 fxe4+ 40. Nxe4 Bxc4 41. Nxc5 Bd5+ 42. Kg4 Ra5 43. Nd7+ Kd6 44. Nf6 Be6+ 45. Kf3 Ke7 46. Ne4 Bd5 47. Bd2 Bxe4+ 48. Kxe4 Ra4 49. Bb4+ 1-0

[Event "Steinfurt Bezirksklasse 1314"]
[Site "Germany"]
[Date "2013.10.05"]
[Round "1.1"]
[White "Wernsmann, Rolf"]
[Black "Terhorst, Timo"]
[Result "1-0"]
[WhiteElo "1744"]
[BlackElo "1654"]
[PlyCount "47"]
[EventDate "2013.10.05"]
[EventType "team-tourn"]
[EventRounds "9"]
[EventCountry "GER"]
[SourceTitle "EXT 2015"]
[Source "ChessBase"]
[SourceDate "2014.11.20"]
[SourceVersion "1"]
[SourceVersionDate "2014.11.20"]
[SourceQuality "1"]
[WhiteTeam "Rheine CC"]
[BlackTeam "Rheine SG"]
[WhiteTeamCountry "GER"]
[BlackTeamCountry "GER"]

1. Nf3 d5 2. g3 Nf6 3. Bg2 c5 4. d4 e6 5. 0-0 Nc6 6. b3 Bd7 7. Bb2 Rc8 8. Nbd2 cxd4 9. Nxd4 Nxd4 10. Bxd4 Bc5 11. Bb2 0-0 12. c4 Bc6 13. cxd5 Bxd5 14. e4 Bc6 15. Rc1 Bd4 16. Ba3 Re8 17. Nf3 e5 18. Nd2 b5 19. Bc5 Bxc5 20. Rxc5 Qb6 21. Qc2 Bb7 22. Rc1 Rxc5 23. Qxc5 Qa5 24. Nc4 1-0

[Event "Muensterland Verbandsklasse-A 0910"]
[Site "Germany"]
[Date "2009.11.21"]
[Round "3.2"]
[White "Hennings, Ralf"]
[Black "Wernsmann, Rolf"]
[Result "1-0"]
[WhiteElo "1801"]
[BlackElo "1803"]
[PlyCount "51"]
[EventDate "2009.09.19"]
[EventType "team-tourn"]
[EventRounds "9"]
[EventCountry "GER"]
[SourceTitle "EXT 2011"]
[Source "ChessBase"]
[SourceDate "2010.11.26"]
[SourceVersion "1"]
[SourceVersionDate "2010.11.26"]
[SourceQuality "1"]
[WhiteTeam "Muenster SK IV"]
[BlackTeam "Emsdetten Rochade II"]
[WhiteTeamCountry "GER"]
[BlackTeamCountry "GER"]

1. e4 e6 2. d3 d5 3. Nd2 Nf6 4. g3 Be7 5. Bg2 0-0 6. Ngf3 c5 7. 0-0 Nc6 8. Re1 Re8 9. e5 Nd7 10. Nf1 Qc7 11. Bf4 h6 12. h4 b5 13. N1h2 c4 14. d4 Qb6 15. c3 b4 16. Nd2 a5 17. Qg4 Kh8 18. Qh5 Kg8 19. Ng4 Bf8 20. Nf3 Qd8 21. Bg5 f6 22. exf6 Nxf6 23. Bxf6 gxf6 24. Qg6+ Bg7 25. Nxh6+ Kh8 26. Nf7+ 1-0

[Event "Muensterland Verbandsklasse-B 0809"]
[Site "Germany"]
[Date "2008.09.13"]
[Round "1.3"]
[White "Wernsmann, Rolf"]
[Black "Grotenhuis, Gerard"]
[Result "1-0"]
[WhiteElo "1780"]
[BlackElo "1978"]
[PlyCount "85"]
[EventDate "2008.09.13"]
[EventType "team-tourn"]
[EventRounds "9"]
[EventCountry "GER"]
[SourceTitle "EXT 2010"]
[Source "ChessBase"]
[SourceDate "2010.11.25"]
[SourceVersion "1"]
[SourceVersionDate "2010.11.25"]
[SourceQuality "1"]
[WhiteTeam "Emsdetten Rochade II"]
[BlackTeam "Gronau"]
[WhiteTeamCountry "GER"]
[BlackTeamCountry "GER"]

1. Nf3 d5 2. c4 e6 3. cxd5 exd5 4. g3 Nf6 5. Bg2 c6 6. 0-0 Be7 7. d3 0-0 8. Nc3 d4 9. Nb1 Bg4 10. Nbd2 Na6 11. a3 Nc7 12. Nc4 Ne6 13. b4 Nd5 14. Bb2 Bxf3 15. Bxf3 Bf6 16. Rc1 Ng5 17. Bg2 Qd7 18. Na5 Rac8 19. Nb3 Nc3 20. Bxc3 dxc3 21. Nc5 Qe7 22. h4 Ne6 23. Ne4 c5 24. bxc5 Nxc5 25. Nxc3 Rfe8 26. Nd5 Qxe2 27. Nxf6+ gxf6 28. Qxe2 Rxe2 29. d4 b6 30. dxc5 bxc5 31. Rfe1 Ra2 32. Re3 Kg7 33. Bd5 Rd2 34. Bc4 Rc7 35. a4 a5 36. Rd3 Rxd3 37. Bxd3 h6 38. Kg2 Kf8 39. Bc4 Ke7 40. Rc3 Kd6 41. Rd3+ Ke5 42. Rd5+ Ke4 43. f3+ 1-0

[Event "Steinfurt Bezirksliga 0708"]
[Site "Germany"]
[Date "2008.03.15"]
[Round "7.3"]
[White "Wernsmann, Rolf"]
[Black "Sablin, Juriy"]
[Result "1-0"]
[WhiteElo "1734"]
[BlackElo "1679"]
[PlyCount "67"]
[EventDate "2007.09.22"]
[EventType "team-tourn"]
[EventRounds "9"]
[EventCountry "GER"]
[SourceTitle "EXT 2009"]
[Source "ChessBase"]
[SourceDate "2008.11.26"]
[SourceVersion "1"]
[SourceVersionDate "2008.11.26"]
[SourceQuality "1"]
[WhiteTeam "Emsdetten Rochade II"]
[BlackTeam "Ibbenbueren II"]
[WhiteTeamCountry "GER"]
[BlackTeamCountry "GER"]

1. Nf3 c5 2. g3 d5 3. Bg2 Nf6 4. c4 e6 5. 0-0 Be7 6. cxd5 Nxd5 7. d3 0-0 8. a4 Nc6 9. Na3 Bd7 10. Nd2 Rb8 11. Ndc4 a6 12. Bd2 b5 13. axb5 axb5 14. Ne3 Nxe3 15. fxe3 Bf6 16. Qc2 Qb6 17. Rac1 Rfc8 18. Kh1 Nb4 19. Qb3 Na6 20. e4 Be7 21. Qd1 Bf6 22. Bc3 Bxc3 23. bxc3 e5 24. Nc2 b4 25. cxb4 cxb4 26. Rb1 b3 27. Na3 Be6 28. Nc4 Bxc4 29. dxc4 Rxc4 30. Qd5 Qc7 31. Bh3 b2 32. Rxb2 Rxb2 33. Rxf7 Qxf7 34. Qd8+ 1-0

[Event "Steinfurt Bezirksliga 0607"]
[Site "Germany"]
[Date "2006.09.30"]
[Round "2.3"]
[White "Schnabel, Reinhard"]
[Black "Wernsmann, Rolf"]
[Result "1-0"]
[WhiteElo "1540"]
[BlackElo "1723"]
[PlyCount "25"]
[EventDate "2006.09.09"]
[EventType "team-tourn"]
[EventRounds "9"]
[EventCountry "GER"]
[SourceTitle "EXT 2008"]
[Source "ChessBase"]
[SourceDate "2007.11.25"]
[SourceVersion "1"]
[SourceVersionDate "2007.11.25"]
[SourceQuality "1"]
[WhiteTeam "Reckenfeld"]
[BlackTeam "Rheine CC"]
[WhiteTeamCountry "GER"]
[BlackTeamCountry "GER"]

1. e4 d6 2. d4 Nf6 3. Nc3 g6 4. Be3 Bg7 5. Qd2 0-0 6. Bd3 c6 7. Nge2 Nbd7 8. Bh6 e5 9. Bxg7 Kxg7 10. h4 b5 11. Nd1 Ba6 12. Ne3 exd4 13. Nxd4 1-0

[Event "Steinfurt Bezirksliga 0506"]
[Site "Germany"]
[Date "2006.04.29"]
[Round "9.1"]
[White "Hiller, Simon"]
[Black "Wernsmann, Rolf"]
[Result "1/2-1/2"]
[WhiteElo "1762"]
[BlackElo "1660"]
[PlyCount "101"]
[EventDate "2005.09.24"]
[EventType "team-tourn"]
[EventRounds "9"]
[EventCountry "GER"]
[SourceTitle "EXT 2006"]
[Source "ChessBase"]
[SourceDate "2005.11.24"]
[SourceVersion "1"]
[SourceVersionDate "2005.11.24"]
[SourceQuality "1"]
[WhiteTeam "Falke Saerbeck II"]
[BlackTeam "Rheine"]
[WhiteTeamCountry "GER"]
[BlackTeamCountry "GER"]

1. Nf3 Nf6 2. g3 d6 3. Bg2 g6 4. 0-0 Bg7 5. d4 c6 6. c4 Na6 7. Qb3 0-0 8. h3 Nc7 9. Be3 d5 10. Nbd2 dxc4 11. Nxc4 Be6 12. Qc2 Bxc4 13. Qxc4 Nfd5 14. Bd2 Ne8 15. e4 Nd6 16. Qd3 Nb6 17. a4 a5 18. b4 axb4 19. a5 Nd7 20. Bxb4 Nb5 21. Rad1 Nf6 22. g4 Qc7 23. Rc1 Qd8 24. Rfd1 Rxa5 25. Bxa5 Qxa5 26. g5 Ne8 27. d5 cxd5 28. Rc5 dxe4 29. Qxe4 Nbd6 30. Qc2 Qb6 31. Rb1 Qa7 32. Ne5 Bxe5 33. Rxe5 e6 34. Rc5 Ng7 35. Rc7 Ngf5 36. Qc1 Qa5 37. Bxb7 Nxb7 38. Rcxb7 Qe5 39. R7b5 Qe4 40. Qe1 Qf3 41. R5b3 Qf4 42. Qc1 Qe5 43. Rb5 Qd4 44. Rb8 Rxb8 45. Rxb8+ Kg7 46. Qa3 Qd1+ 47. Kh2 Qd6+ 48. Qxd6 Nxd6 49. f4 Nf5 50. Kg2 h6 51. Kf3 1/2-1/2